BD Chaurasia's Human Anatomy-1 : (Record no. 33736)

MARC details
000 -LEADER
fixed length control field 00539nam a22002057a 4500
005 - DATE AND TIME OF LATEST TRANSACTION
control field 20250731123836.0
008 - FIXED-LENGTH DATA ELEMENTS--GENERAL INFORMATION
fixed length control field 230927b |||||||| |||| 00| 0 eng d
020 ## - INTERNATIONAL STANDARD BOOK NUMBER
ISBN 9789385915468
082 ## - DEWEY DECIMAL CLASSIFICATION NUMBER
Classification number 611
Item number CHA-H
100 ## - MAIN ENTRY--AUTHOR
Author Name Chaurasia's BD
245 ## - TITLE STATEMENT
Title BD Chaurasia's Human Anatomy-1 :
Remainder of title Upper Limb & Thorax /
250 ## - EDITION STATEMENT
Edition statement 7th.ed
260 ## - PUBLICATION, DISTRIBUTION, ETC.
Place of Publication India ;
Name of publisher, distributor, etc. CBS Publisher
Date of publication, distribution, etc. 2017
300 ## - PHYSICAL DESCRIPTION
Pages 328
490 ## - SERIES STATEMENT
Volume vol 1 :
500 ## - GENERAL NOTE
General note Include Index
650 ## - SUBJECT ADDED ENTRY--TOPICAL TERM
Subject / Department Medical / Anatomy
700 ## - ADDED ENTRY--PERSONAL NAME
Personal name BD Chaurasia
300 ## - PHYSICAL DESCRIPTION
-- ill :
-- 27.5 cm.
952 ## - LOCATION AND ITEM INFORMATION (KOHA)
-- 0
-- 0
952 ## - LOCATION AND ITEM INFORMATION (KOHA)
-- 0
-- 0
952 ## - LOCATION AND ITEM INFORMATION (KOHA)
-- 0
-- 0
952 ## - LOCATION AND ITEM INFORMATION (KOHA)
-- 0
-- 0
952 ## - LOCATION AND ITEM INFORMATION (KOHA)
-- 0
-- 0
952 ## - LOCATION AND ITEM INFORMATION (KOHA)
-- 0
-- 0
952 ## - LOCATION AND ITEM INFORMATION (KOHA)
-- 0
-- 0
952 ## - LOCATION AND ITEM INFORMATION (KOHA)
-- 0
-- 0
952 ## - LOCATION AND ITEM INFORMATION (KOHA)
-- 0
-- 0
952 ## - LOCATION AND ITEM INFORMATION (KOHA)
-- 0
-- 0
Holdings
Lost status Damaged status Collection code Permanent Location Current Location Shelving Location Date acquired Full Call Number Accession No./Barcode Date last seen Copy number item type Koha item type
    Medical Superior Information Resource Center (SIRC) Superior University- Central Library Superior Information Resource Center (SIRC) Superior University- Central Library Medical 09/27/2023 611 CHA-H 2017 20620 01/22/2026 10 BOOK BOOK
    Medical Superior Information Resource Center (SIRC) Superior University- Central Library Superior Information Resource Center (SIRC) Superior University- Central Library Anatomy 03/21/2024 611 CHA-H 2017 6739 02/06/2025 1 BOOK BOOK
    Medical Superior Information Resource Center (SIRC) Superior University- Central Library Superior Information Resource Center (SIRC) Superior University- Central Library Anatomy 03/21/2024 611 CHA-H 2017 6749 02/23/2026 2 BOOK BOOK
    Medical Superior Information Resource Center (SIRC) Superior University- Central Library Superior Information Resource Center (SIRC) Superior University- Central Library Anatomy 03/21/2024 611 CHA-H 2017 6824 07/21/2025 3 BOOK BOOK
    Medical Superior Information Resource Center (SIRC) Superior University- Central Library Superior Information Resource Center (SIRC) Superior University- Central Library Anatomy 03/21/2024 611 CHA-H 2017 6831 10/17/2024 4 BOOK BOOK
    Medical Superior Information Resource Center (SIRC) Superior University- Central Library Superior Information Resource Center (SIRC) Superior University- Central Library Anatomy 03/21/2024 611 CHA-H 2017 6864 03/04/2026 5 BOOK BOOK
    Medical Superior Information Resource Center (SIRC) Superior University- Central Library Superior Information Resource Center (SIRC) Superior University- Central Library Anatomy 03/21/2024 611 CHA-H 2017 6867 10/28/2025 6 BOOK BOOK
    Medical Superior Information Resource Center (SIRC) Superior University- Central Library Superior Information Resource Center (SIRC) Superior University- Central Library Anatomy 03/21/2024 611 CHA-H 2017 6868 10/15/2024 7 BOOK BOOK
    Medical Superior Information Resource Center (SIRC) Superior University- Central Library Superior Information Resource Center (SIRC) Superior University- Central Library Anatomy 03/21/2024 611 CHA-H 2017 6880 04/29/2026 8 BOOK BOOK
    Medical Superior Information Resource Center (SIRC) Superior University- Central Library Superior Information Resource Center (SIRC) Superior University- Central Library Anatomy 03/21/2024 611 CHA-H 2017 6688 10/25/2024 9 BOOK BOOK

Powered by Koha